Fruits and Nuts : (Record no. 9006)
[ view plain ]
| 000 -LEADER | |
|---|---|
| fixed length control field | 00626nam a22002177a 4500 |
| 003 - CONTROL NUMBER IDENTIFIER | |
| control field | OSt |
| 005 - DATE AND TIME OF LATEST TRANSACTION | |
| control field | 20210712100627.0 |
| 008 - FIXED-LENGTH DATA ELEMENTS--GENERAL INFORMATION | |
| fixed length control field | 151207b xxu||||| |||| 00| 0 eng d |
| 020 ## - INTERNATIONAL STANDARD BOOK NUMBER | |
| International Standard Book Number | 9966896716 |
| 040 ## - CATALOGING SOURCE | |
| Transcribing agency | MMU |
| Original cataloging agency | MMU |
| Language of cataloging | eng |
| Modifying agency | MMU |
| 050 ## - LIBRARY OF CONGRESS CALL NUMBER | |
| Classification number | SB354.6.T34F78 2005 |
| 100 ## - MAIN ENTRY--PERSONAL NAME | |
| 9 (RLIN) | 110 |
| Personal name | Nyambo Agnes |
| 245 ## - TITLE STATEMENT | |
| Title | Fruits and Nuts : |
| Remainder of title | Species with Potential for Tanzania/ |
| Statement of responsibility, etc. | Agnes Nyambo...et al |
| 260 ## - PUBLICATION, DISTRIBUTION, ETC. (IMPRINT) | |
| Place of publication, distribution, etc. | Nairobi: |
| Name of publisher, distributor, etc. | ICRAF, |
| Date of publication, distribution, etc. | 2005. |
| 300 ## - PHYSICAL DESCRIPTION | |
| Extent | ix, 160 p. : |
| Other physical details | ill. ; |
| 504 ## - BIBLIOGRAPHY, ETC. NOTE | |
| Bibliography, etc | Include Bibliography |
| 650 ## - SUBJECT ADDED ENTRY--TOPICAL TERM | |
| Topical term or geographic name as entry element | _Fruits and Nuts |
| 651 #0 - SUBJECT ADDED ENTRY--GEOGRAPHIC NAME | |
| 9 (RLIN) | 111 |
| Geographic name | Tanzania |
| 700 ## - ADDED ENTRY--PERSONAL NAME | |
| Personal name | _Nyomora Agnes |
| 942 ## - ADDED ENTRY ELEMENTS (KOHA) | |
| Source of classification or shelving scheme | Library of Congress Classification |
| Koha item type | L |
| Withdrawn status | Lost status | Source of classification or shelving scheme | Damaged status | Not for loan | Home library | Current library | Date acquired | Source of acquisition | Total Checkouts | Full call number | Barcode | Date last seen | Date last checked out | Price effective from | Koha item type |
|---|---|---|---|---|---|---|---|---|---|---|---|---|---|---|---|
| Library of Congress Classification | Maasai Mara University Library -Main Campus | Maasai Mara University Library -Main Campus | 12/07/2015 | Donation | 1 | SB354.6.T34F78 2005 | 20116648 | 10/03/2017 | 09/20/2017 | 12/07/2015 | L |